000 00556nam a22001817a 4500
003 OSt
005 20120302150553.0
008 090718t xxu||||| |||| 00| 0 eng d
035 _a८०६२
040 _cमराठी
100 _aटिळक, लक्ष्मीबाई
_97532
245 _aस्मृति-चित्रे - ४
250 _a२ री
260 _aमुंबई
_bढवळे
_c१९५७
300 _b१५८ पाने
700 _aटिळक, देवदत्त
_97533
942 _2ddc
_cBOOK
999 _c492456
_d492453